000 00738nam a2200217 a 4500
005 20250307063829.0
008 991125s1997 es 000 0 spa u
020 _a8474238099
035 _aUPN01000131974
049 _aCG
050 4 _aHF1359
_bK7.5
100 1 _aKrugman, Paul Robin,
_d1953-
_941618
245 1 3 _aEl internacionalismo moderno :
_bla economía internacional y las mentiras de la competitividad /
_cPaul Krugman ; tr. de Vicente Morales.
260 _aBarcelona, Esp. :
_bCrítica ;
_cc1997.
300 _a171 p.
440 0 _aLetras de crítica
534 _pTraducción de:
_tPop internationalism
650 4 _aRelaciones económicas internacionales
_98185
650 4 _aCOMERCIO EXTERIOR
_99841
905 _aLibro
999 _c104129
_d104129